| 000 | 00691nam a22002297a 4500 | ||
|---|---|---|---|
| 003 | OSt | ||
| 005 | 20220107122811.0 | ||
| 008 | 160507b xxu||||| |||| 00| 0 eng d | ||
| 020 | _a9781420089646 | ||
| 040 | _cIIITMK | ||
| 082 | _a006.312 WU/T | ||
| 100 |
_aWu, Xindong _99130 |
||
| 245 |
_aThe top ten algorithms in data mining _c Xindong Wu, et. al. (Eds.) |
||
| 260 |
_aBoca Raton, _bCRC Press, _c2009. |
||
| 300 | _axii, 215p. | ||
| 440 |
_aChapman & Hall/ CRC data mining and knowledge discovery series _99131 |
||
| 650 |
_aCOMPUTER SCIENCE _99132 |
||
| 650 |
_aCOMPUTER ALGORITHMS _99133 |
||
| 650 |
_aDATA MINING _99134 |
||
| 700 |
_aKumar, Vipin (Eds.) _99135 |
||
| 942 |
_2ddc _cBK |
||
| 999 |
_c5108 _d5108 |
||